000 01663nam0a2200361 4500
001 RU\NLR\bibl\1474058
005 20250616003140.0
010 _a978-5-7856-0695-1
_bв пер.
_91000
021 _aRU
_b2009-105091
_96691
035 _a(nilc)RSL-KNO-004560901
035 _a(NLR Aleph) 001465732
090 _a1611764
_c1611764
100 _a20091221d2009 |||y0rusy50 ca
101 0 _arus
102 _aRU
105 _ay zzzz|||||
200 1 _aНаправления повышения конкурентоспособности промышленности России
_eмонография
_fА. Л. Бобков, Л. В. Бобков, И. А. Калашникова
_gИнформ.-внедренческий центр "Маркетинг"
210 _aМосква
_cИнформ.-внедренческий центр "Маркетинг"
_d2009
215 _a150 с.
_d21
320 _aБиблиогр.: с. 150 (15 назв.) и в подстроч. прим.
606 1 _aПромышленность
_xКонкурентоспособность
_yРоссийская Федерация
_92400157
_3RU\NLR\auth\661430754
686 _aУ9(2)300-210.3,0
_2rubbk
686 _aУ30(2)-13(2Р)
700 1 _aБобков
_bА. Л.
_gАлександр Леонидович
_4070
701 1 _aБобков
_bЛ. В.
_gЛеонид Васильевич
_4070
701 1 _aКалашникова
_bИ. А.
_gИраида Алексеевна
_4070
801 0 _aRU
_bRuMoRGB
_c20091221
_grcr
801 1 _aRU
_bRuMoRGB
_c20091221
801 2 _aRU
_bNLR
_c20100216
_grcr
830 _aавт. по кн.
942 _cBOOK
980 _aNB